The identity of smallness and its implications for foreign policy – the case of Hungary and Slovakia

Titel: The identity of smallness and its implications for foreign policy – the case of Hungary and Slovakia / Máté Szalai
Verfasser:
In: Journal of contemporary Central and Eastern Europe, Band 25, Heft 3 (2017), Seite 345-366
alle Artikel anzeigen
Veröffentlicht: 2017
Umfang: 6 Tabellen
Format: Aufsatz
Sprache: Englisch
Schlagworte:
Kein Bild verfügbar
X
alg: 46906387
001A    $03025:09-09-20 
001B    $01999:09-09-20 $t22:40:22.000 
001D    $03025:09-09-20 
001U    $0utf8 
001X    $00 
002@    $0Oou 
002C    $aText $btxt $2rdacontent 
002D    $aComputermedien $bc $2rdamedia 
002E    $aOnline-Ressource $bcr $2rdacarrier 
003@    $0469063874 
004P    $010.1080/25739638.2017.1406182 
007A    $0469063874 $aHEB 
010@    $aeng 
010E    $erda 
011@    $a2017 
021A    $aThe @identity of smallness and its implications for foreign policy – the case of Hungary and Slovakia $hMáté Szalai 
028A    $BVerfasser $4aut $71138448125 $8Szalai, Máté [Tp3] $9415862353 
031A    $d25 $e3 $h345-366 $j2017 
034M    $a6 Tabellen 
039B    $aEnthalten in $8--Obvc--. Journal of contemporary Central and Eastern Europe. - Abingdon, Ofordshire : Routlegde, Taylor & Francis Group, 2015-. - Online-Ressource. - ISSN 2573-9646 $x201700000250003655 $9426937147 
044K    $RÖsterreich-Ungarn $#Ungarn $#Ungarn $#Ungarische Räterepublik $#Königreich Ungarn $#Die @Länder der ungarischen Krone $#Transleithanien $#Magyarország $#Magyar Köztársaság $#Magyar Tanácsköztársaság $#Government of the Hungarian Republic $#Zemalja Ugarske Krune $#VNR $#Ungern $#Ungarische Republik $#Republik Ungarn $#Ungarische Volksrepublik $#Volksrepublik Ungarn $#Magyar Népköztársaság $#Hungary $#Hungarian Republic $#Hongrie $#Vengerskaja Narodnaja Respublika $#Hungarian People's Republic $#HPR Hungarian People's Republic $#République Populaire Hongroise $#Ungarische VR $#Republic of Hungary $#Vengrija $74078541-5 $8Ungarn [Tgz] $9085222712 
044K    $RTschechoslowakei $RTschechoslowakei $#Slowakei $#Slowakei $#Slowakische Republik $#Oberungarn $#Slovensko $#Slovenská Republika $#Slovenská SR $#SSR $#Slovakia $#Slovaquie $#Slovak Republic $#République Slovaque $#Slovenská Socialistická Republika $#Slowakische Sozialistische Republik $#Slovak Socialist Republic $#République Socialiste Slovaque $74055297-4 $8Slowakei [Tg1] $9085153834 
044K    $RBewusstsein $RNationalismus $RNationenbildung $RPatriotismus $#Nationalism $#Nationalisme $#Nationalbewusstsein $#nationale Identität $#Nationale Identität Nationalbewusstsein $#Nationales Bewusstsein $#Nationalgefühl $#Historische Identität Nationalbewusstsein $74041282-9 $8Nationalbewusstsein [Ts1] $9085112976 
044K    $RPolitik $RSicherheitspolitik $RInternationale Politik $RDiplomatie $#International relations $#Relations internationales $#Auswärtige Angelegenheiten $#Auswärtige Politik $#Außenbeziehungen Außenpolitik $74003846-4 $8Außenpolitik [Ts1] $9085002038 
045F    $a909 $eDDC23BSB 
045F/01 $a909 
045F/03 $g4373 
045F/03 $g439 
045R    $aGeschichte 1990-2015 

lok: 46906387 78

exp: 46906387 78 1 #EPN
201B/01 $009-09-20 $t14:13:30.000 
201C/01 $009-09-20 
201U/01 $0utf8 
203@/01 $01122692501 
208@/01 $a09-09-20 $be 
209A/01 $a/ $f000 $x00 
209A/01 $ab*p $x01 
220C/01 $apgar 
244Z/01 $#Slowakei $#Slowakei $#Slowakische Republik $#Oberungarn $#Slovensko $#Slovenská Republika $#Slovenská SR $#SSR $#Slovakia $#Slovaquie $#Slovak Republic $#République Slovaque $#Slovenská Socialistická Republika $#Slowakische Sozialistische Republik $#Slovak Socialist Republic $#République Socialiste Slovaque $74055297-4 $8--Tg1--Slowakei $x01 $9085153834 
244Z/01 $#Ungarn $#Ungarn $#Ungarische Räterepublik $#Königreich Ungarn $#Die @Länder der ungarischen Krone $#Transleithanien $#Magyarország $#Magyar Köztársaság $#Magyar Tanácsköztársaság $#Government of the Hungarian Republic $#Zemalja Ugarske Krune $#VNR $#Ungern $#Ungarische Republik $#Republik Ungarn $#Ungarische Volksrepublik $#Volksrepublik Ungarn $#Magyar Népköztársaság $#Hungary $#Hungarian Republic $#Hongrie $#Vengerskaja Narodnaja Respublika $#Hungarian People's Republic $#HPR Hungarian People's Republic $#République Populaire Hongroise $#Ungarische VR $#Republic of Hungary $#Vengrija $74078541-5 $8--Tgz--Ungarn $x02 $9085222712 
247C/01 $82080>Marburg/Lahn, Herder-Institut, Forschungsbibliothek, Bibliographieportal $9336309341
LEADER 00000caa a2200000 c 4500
001 469063874
003 DE-603
005 20200909224022.0
007 cr||||||||||||
008 200909s2017 xx |||| o| u00||u|eng c
024 7 |a 10.1080/25739638.2017.1406182  |2 doi 
035 |a (DE-599)HEB469063874 
040 |a DE-603  |b ger  |c DE-603  |d DE-603  |e rda 
041 |a eng 
082 0 4 |8 1\u  |a 909  |q DE-101  |2 23/BSB 
085 |8 1\u  |b 909 
085 |8 1\u  |z 2  |s 4373 
085 |8 1\u  |z 2  |s 439 
100 1 |a Szalai, Máté  |e Verfasser  |4 aut  |0 (DE-603)415862353  |0 (DE-588)1138448125  |2 gnd 
245 0 0 |a ˜Theœ identity of smallness and its implications for foreign policy – the case of Hungary and Slovakia  |c Máté Szalai 
264 0 |c 2017 
300 |b 6 Tabellen 
336 |a Text  |b txt  |2 rdacontent 
337 |a Computermedien  |b c  |2 rdamedia 
338 |a Online-Ressource  |b cr  |2 rdacarrier 
648 7 |a Geschichte 1990-2015  |2 gnd 
650 7 |a Nationalbewusstsein  |0 (DE-588)4041282-9  |0 (DE-603)085112976  |2 gnd 
650 7 |a Außenpolitik  |0 (DE-588)4003846-4  |0 (DE-603)085002038  |2 gnd 
651 7 |a Ungarn  |0 (DE-588)4078541-5  |0 (DE-603)085222712  |2 gnd 
651 7 |a Slowakei  |0 (DE-588)4055297-4  |0 (DE-603)085153834  |2 gnd 
773 0 8 |i Enthalten in  |t Journal of contemporary Central and Eastern Europe  |d Abingdon, Ofordshire : Routlegde, Taylor & Francis Group, 2015-  |h Online-Ressource  |x 2573-9646  |g Band 25, Heft 3 (2017), Seite 345-366  |w (DE-603)426937147  |w (DE-600)2922261-8 
924 1 |9 2080  |a (DE-603)1122692501  |b DE-2080  |c HES  |d d  |g /